| 000 | 01128nmc a2200385 a 4500 | ||
|---|---|---|---|
| 003 | AR-BaBNM | ||
| 005 | 20251128204722.0 | ||
| 008 | 015119s1994 ||||||||||||||000 | spa|| | ||
| 020 | _a84-8540-32-1 | ||
| 040 | _cAR-BaBNM | ||
| 245 | 1 | 0 | _aGrupo clase y proyecto educativo de centro |
| 250 | _a1ª ed. | ||
| 260 |
_aBarcelona _bI.C.E. _bHorsori _c1994 |
||
| 300 |
_a194 p. _bgráfs., cuadros |
||
| 490 | 0 |
_aCuadernos de educación _vv. 16 |
|
| 500 | _aTraducido por Marta Darder Lissón | ||
| 500 | _aReferencias bibliográficas: p. 193-194 | ||
| 650 | 4 | _aDINAMICA DE GRUPO | |
| 650 | 4 | _aPROYECTOS EDUCACIONALES | |
| 650 | 4 | _aCURRICULO | |
| 650 | 4 | _aFORMACION PROFESIONAL | |
| 650 | 4 | _aGRUPOS DE TRABAJO | |
| 650 | 4 | _aRENDIMIENTO DEL ALUMNO | |
| 650 | 4 | _aPSICOLOGIA DE LA EDUCACION | |
| 650 | 4 | _aMADUREZ PARA EL APRENDIZAJE | |
| 650 | 4 | _aCENTROS DE ACTIVIDADES EXTRAESCOLARES | |
| 650 | 4 | _aENSENANZA EN GRUPO | |
| 653 | _aPROCESO DE ENSENANZA-APRENDIZAJE | ||
| 700 | 1 | _aDarder, Pere | |
| 700 | 1 | _aFranch, Joaquim | |
| 700 | 1 | _aColl, César | |
| 700 | 0 | _aPèlach | |
| 942 | _cBK | ||
| 998 | _cGrace | ||
| 999 |
_c8551 _d8551 |
||